ابن الرومي [Ibn al-Rūmī], / (Record no. 80068)
[ view plain ]
| 000 -LEADER | |
|---|---|
| fixed length control field | 01071nam a2200265 4500 |
| 001 - CONTROL NUMBER | |
| control field | 80068 |
| 003 - CONTROL NUMBER IDENTIFIER | |
| rucl marc code | BD-RjUL |
| 005 - DATE AND TIME OF LATEST TRANSACTION | |
| control field | 20220630143439.0 |
| 008 - FIXED-LENGTH DATA ELEMENTS--GENERAL INFORMATION | |
| fixed length control field | 220630s1960 ua b 000 0 ararc |
| 035 ## - SYSTEM CONTROL NUMBER | |
| System control number | (BD-RjUL) 80068 |
| 040 ## - CATALOGING SOURCE | |
| Original cataloging agency | Princeton Univ. Libr. |
| Transcribing agency | WaU |
| Modifying agency | WaU |
| -- | MH |
| -- | CStRLIN |
| -- | UkOxU |
| Language of cataloging | eng |
| 041 ## - LANGUAGE CODE | |
| Language code of text/sound track or separate title | ara |
| 082 ## - DEWEY DECIMAL CLASSIFICATION NUMBER | |
| Edition number | 23 |
| Classification number | 892.71092 |
| Author mark and year | HAI 1960 |
| 100 1# - MAIN ENTRY--PERSONAL NAME | |
| Personal name | حسن، محمد عبد الغني.[Ḥasan, Muḥammad ʿAbd al-Ghanī]. |
| 9 (RLIN) | 3964 |
| 245 10 - TITLE STATEMENT | |
| Title | ابن الرومي [Ibn al-Rūmī], / |
| Statement of responsibility, etc. | bi-qalam [Muḥammad ʿAbd al-Ghanī Ḥasan]بقلم محمد عبد الغني حسن. |
| 260 ## - PUBLICATION, DISTRIBUTION, ETC. (IMPRINT) | |
| Place of publication, distribution, etc. | Miṣr,القاهرة : |
| Name of publisher, distributor, etc. | Dār al-Maʿārif, دار المعارف |
| Date of publication, distribution, etc. | 1960. |
| 300 ## - PHYSICAL DESCRIPTION | |
| Pagination | 112 p. ; |
| Size | 22 cm. |
| 490 ## - SERIES STATEMENT | |
| Series statement | نوابغ الفكر العربي ؛ |
| Volume/sequential designation | 11 |
| 504 ## - BIBLIOGRAPHY, ETC. NOTE | |
| Bibliography, etc | Includes bibliographical references (p. 107-108) |
| 600 00 - SUBJECT ADDED ENTRY--PERSONAL NAME | |
| Personal name | Ibn al-Rūmī, |
| Dates associated with a name | 836-896. |
| 650 ## - SUBJECT ADDED ENTRY--TOPICAL TERM | |
| Topical term or geographic name as entry element | Arabic poetry |
| Chronological subdivision | 750-1258. |
| 9 (RLIN) | 204 |
| 830 #0 - SERIES ADDED ENTRY--UNIFORM TITLE | |
| Uniform title | Nawābigh al-fikr al-ʿArabī ;نوابغ الفكر العربي ؛ |
| Volume number/sequential designation | 11 |
| 942 ## - ADDED ENTRY ELEMENTS (KOHA) | |
| Source of classification or shelving scheme | Dewey Decimal Classification |
| Koha item type | Books |
| Lost status | Source of classification or shelving scheme | Damaged status | Not for loan | Collection code | Permanent Location | Current Location | Shelving location | Date acquired | Source of acquisition | Cost, normal purchase price | Full call number | Date last seen | Copy number | Koha item type |
|---|---|---|---|---|---|---|---|---|---|---|---|---|---|---|
| Dewey Decimal Classification | Not For Loan | Non-fiction | Central Library, University of Rajshahi | Central Library, University of Rajshahi | Reading Room | 06/05/1967 | Maktubat i Ishaqia, | 4.00 | A 892.71092 HAI 1960 | 30/06/2022 | C-1 | Books |